Les français en Liga (2020-2026) - Statistiques

Statistiques générales
  • Ce quiz a été pris 56 fois
  • Le résultat moyen est 15 sur 45
Statistiques - réponses
Nb de saisons Clubs Joueur % Correct
6 Barcelone (2020-2022), Atlético Madrid (2021-2026) Antoine Griezmann
98%
4 Real Madrid (2022-2026) Aurélien Tchouaméni
92%
5 Real Madrid (2021-2026) Eduardo Camavinga
92%
6 Real Madrid (2020-2026) Ferland Mendy
88%
6 Séville (2020-2022), Barcelone (2022-2026) Jules Koundé
88%
3 Real Madrid (2020-2023) Karim Benzema
82%
1 Atlético Madrid (2020-2021) Moussa Dembélé
82%
5 Bétis (2020-2025) Nabil Fekir
82%
3 Barcelone (2020-2023) Ousmane Dembélé
82%
4 Barcelone (2020-2022), Atlético Madrid (2024-2026) Clément Lenglet
78%
2 Real Madrid (2024-2026) Kylian Mbappé
76%
6 Atlético Madrid (2020-2025), Gérone (2025-2026) Thomas Lemar
76%
2 Barcelone (2020-2022) Samuel Umtiti
61%
1 Real Madrid (2020-2021) Raphaël Varane
49%
1 Valence (2020-2021) Kévin Gameiro
41%
6 Alavés (2020-2022), Vallecano (2022-2026) Florian Lejeune
37%
3 Séville (2022-2025) Loïc Badé
37%
4 Villarreal (2020-2024) Etienne Capoue
33%
4 Villarreal (2020-2024) Francis Coquelin
33%
4 Séville (2022-2026) Tanguy Nianzou
24%
6 Grenade (2020-2021), Valence (2021-2026) Dimitri Foulquier
20%
3 Séville (2023-2026) Lucien Agoumé
18%
2 Grenade (2020-2022) Maxime Gonalons
16%
1 Espanyol (2022-2023) Benjamin Lecomte
12%
1 Bétis (2024-2025) Romain Perraud
10%
2 Majorque (2021-2023) Clément Grenier
8%
2 Las Palmas (2023-2025) Enzo Loiodice
8%
1 Villarreal (2024-2025) Thierno Barry
8%
2 Leganés (2024-2025), Osasuna (2025-2026) Valentin Rosier
8%
2 Real Sociedad (2022-2024) Mohamed-Ali Cho
6%
1 Séville (2025-2026) Neal Maupay
6%
1 Valence (2020-2021) Eliaquim Mangala
4%
2 Valence (2020-2022) Koba Koindredi
4%
1 Séville (2021-2022) Anthony Martial
2%
1 Valence (2025-2026) Baptiste Santamaria
2%
1 Séville (2023-2024) Boubakary Soumaré
2%
1 Cadix (2020-2021) Yann Bodiger
2%
1 Grenade (2023-2024) Faitout Maouassa
0%
2 Villarreal (2022-2023), Oviedo (2025-2026) Haissem Hassan
0%
1 Getafe (2022-2023) Jordan Amavi
0%
3 Levante (2020-2022), Valladolid (2022-2023) Mickaël Malsa
0%
2 Getafe (2023-2025) Nabil Aberdin
0%
1 Real Sociedad (2021-2022) Naïs Djouahra
0%
1 Espanyol (2022-2023) Ronaël Pierre-Gabriel
0%
1 Levante (2025-2026) Ugo Raghouber
0%
Aucun quiz correspondant
Distribution des résultats
% des personnes avec chaque résultat
Percentile par nombre de réponses
Votre historique - résultats
Vous n’avez pas pris ce quiz